|
|
|
|
| LEADER |
00000nam0a2200000 4500 |
| 001 |
119623 |
| 005 |
20231031124659.0 |
| 020 |
|
|
|a RU
|b 84-74495
|
| 035 |
|
|
|a (RuTPU)RU\TPU\book\129479
|
| 090 |
|
|
|a 119623
|
| 100 |
|
|
|a 20070719d1984 k y0rusy5003 ca
|
| 101 |
0 |
|
|a rus
|
| 102 |
|
|
|a BY
|
| 105 |
|
|
|a a z 001zy
|
| 200 |
1 |
|
|a Структурные факторы эксплуатационной стойкости режущего инструмента
|f С. Е. Бельский, Р. Л. Тофпенец
|g Академия наук Белорусской ССР (АН БССР), Физико-технический институт (ФТИ); под ред. С. А. Астапчика
|
| 210 |
|
|
|a Минск
|c Наука и техника
|d 1984
|
| 215 |
|
|
|a 128 с.
|c ил.
|d 20 см
|
| 320 |
|
|
|a Литература: с. 121-127.
|
| 610 |
1 |
|
|a структурный фактор
|
| 610 |
1 |
|
|a режущие инструменты
|
| 610 |
1 |
|
|a металлорежущие инструменты
|
| 610 |
1 |
|
|a стали
|
| 610 |
1 |
|
|a механическая обработка
|
| 610 |
1 |
|
|a кинетика
|
| 610 |
1 |
|
|a механизмы
|
| 675 |
|
|
|a 621.9.02.004.62
|v 3
|
| 700 |
|
1 |
|a Бельский
|b С. Е.
|
| 701 |
|
1 |
|a Тофпенец
|b Р. Л.
|
| 702 |
|
1 |
|a Астапчик
|b С. А.
|4 340
|
| 712 |
0 |
2 |
|a Академия наук Белорусской ССР (АН БССР)
|b Физико-технический институт (ФТИ)
|c (Минск)
|2 stltpush
|3 (RuTPU)RU\TPU\col\12058
|
| 801 |
|
0 |
|a RU
|b RuMRKP
|c 19950704
|g psbo
|
| 801 |
|
1 |
|a RU
|b 63413507
|c 20070719
|g PSBO
|
| 801 |
|
2 |
|a RU
|b 63413507
|c 20150611
|g PSBO
|
| 942 |
|
|
|c BK
|